|
|
|
|
| LEADER |
00000naa2a2200000 4500 |
| 001 |
615328 |
| 005 |
20231101132843.0 |
| 035 |
|
|
|a (RuTPU)RU\TPU\conf\13527
|
| 035 |
|
|
|a RU\TPU\conf\13525
|
| 090 |
|
|
|a 615328
|
| 100 |
|
|
|a 20151103d2015 k y0rusy50 ba
|
| 101 |
0 |
|
|a eng
|
| 102 |
|
|
|a RU
|
| 105 |
|
|
|a y z 100zy
|
| 135 |
|
|
|a drgn ---uucaa
|
| 181 |
|
0 |
|a i
|
| 182 |
|
0 |
|a b
|
| 200 |
1 |
|
|a Radiation of the magneto-crystalline undulator
|f V. Epp, V. V. Kaplin
|
| 203 |
|
|
|a Текст
|c электронный
|
| 225 |
1 |
|
|a Poster Session
|
| 230 |
|
|
|a 1 computer file (pdf; 85 Kb)
|
| 300 |
|
|
|a Title screen.
|
| 337 |
|
|
|a Adobe Reader
|
| 463 |
|
1 |
|0 (RuTPU)RU\TPU\conf\13451
|t RREPS-15. Radiation from Relativistic Electrons in Periodic Structures
|o XI International Symposium, 6-11 September 2015, Saint Petersburg, Russia
|f National Research Tomsk Polytechnic University (TPU) ; Saint Petersburg State University ; National Research Nuclear University “MEPhI”
|v [P. 56]
|d 2015
|
| 610 |
1 |
|
|a электронный ресурс
|
| 610 |
1 |
|
|a труды учёных ТПУ
|
| 610 |
1 |
|
|a излучения
|
| 610 |
1 |
|
|a ондуляторы
|
| 610 |
1 |
|
|a кристаллы
|
| 610 |
1 |
|
|a магнитные поля
|
| 700 |
|
1 |
|a Epp
|b V.
|g Vladimir
|
| 701 |
|
1 |
|a Kaplin
|b V. V.
|c physicist
|c senior research fellow at Tomsk Polytechnic University
|f 1947-
|g Valeriy Viktorovich
|2 stltpush
|3 (RuTPU)RU\TPU\pers\31532
|
| 712 |
0 |
2 |
|a Национальный исследовательский Томский политехнический университет (ТПУ)
|b Институт неразрушающего контроля (ИНК)
|b Лаборатория № 42 (Сильноточных бетатронов)
|h 6594
|2 stltpush
|3 (RuTPU)RU\TPU\col\19919
|
| 801 |
|
1 |
|a RU
|b 63413507
|c 20101016
|
| 801 |
|
2 |
|a RU
|b 63413507
|c 20210216
|g RCR
|
| 856 |
4 |
|
|u http://earchive.tpu.ru/handle/11683/22375
|
| 856 |
4 |
|
|u http://www.lib.tpu.ru/fulltext/c/2015/C64/035.pdf
|
| 942 |
|
|
|c BK
|